Obzor štvrťročník o kultúrnom dianí a záujmovej činnosti v okrese Galanta

Bibliographic Details
Format: Journal
Language:Slovak
PhysicalDescription:zv. 30 cm
Published: Galanta Galantské osvetové stredisko 2000-
Subjects:
Online Access:http://www.osvetaga.zupa-tt.sk/casopis-obzor

MARC

LEADER 00000cas a2200000 a 4500
001 vtls008162931
003 SK-MaSNL
005 20260228163526.0
008 050627c20009999xo qr|p 0 b0slo
040 |a SNK  |b slo  |c SNK  |e AACR2 
041 0 |a slo 
044 |a xo  |c SK 
072 7 |a 316.7  |x Sociológia kultúry. Kultúrny život  |2 konspekt 
072 7 |a 379.8  |x Voľný čas. Prázdniny  |2 konspekt 
080 |a 316.72/.75-027.22  |2 2011 
080 |a 379.8  |2 2011 
080 |a (437.612)  |2 2011 
080 |a 050  |2 2011 
080 |a (051)+(054)(437.6)  |2 2011 
245 0 0 |a Obzor  |b štvrťročník o kultúrnom dianí a záujmovej činnosti v okrese Galanta 
246 1 |a Obzor  |b časopis o kultúrnom dianí a záujmovej činnosti v okrese Galanta 
246 3 1 |a Láthatár 
260 |a Galanta  |b Galantské osvetové stredisko  |c 2000- 
300 |a zv.  |c 30 cm 
310 |a 4x ročne 
362 0 |a Roč. I, č. 0 (2000)- 
500 |a Reg. č. okr. Galanta: 2/2000 
500 |a Evidenčné číslo: EV 2971/09 
515 |a Niektoré čísla vychádzajú ako dvojčíslo 
525 |a Má samostatne stránkované prílohy s rôznou tématikou 
650 0 7 |a kultúrny život  |2 SNKPH  |9 3182 
650 0 7 |a záujmová činnosť  |2 SNKPH  |9 3674 
651 7 |a Galanta (Slovensko : okres)  |2 SNKPHgeo  |9 15964 
655 7 |a regionálne periodiká  |2 SNKPH  |9 131775 
856 4 1 |u http://www.osvetaga.zupa-tt.sk/casopis-obzor 
910 |a snk 
999 |c 9745  |d 11675 
952 |0 0  |1 0  |4 0  |7 0  |8 0  |a SNK  |b SNK  |d 2020-11-25  |i snk2020/21013  |l 0  |o snkČSB 5614/20/2019  |p 17A1432642  |r 2026-02-21 19:24:27  |t č. 1-4  |w 2026-02-21  |y PREZ 
952 |0 0  |1 0  |4 0  |7 0  |8 0  |a SNK  |b SNK  |d 2008-02-19  |i snk2008/4395  |l 0  |o snkČSB 5614/5/2004 D1  |p 17A0574260  |r 2026-02-21 20:16:04  |t č. 1-4 + 2 príl.  |w 2026-02-21  |y PREZ  |z Prílohy: Zoznam výtvarných prác postupujúcich z okresného do celoslovenského kola (v č. 1) ; Galéria ocenených účastníkov okresných, krajských a celoslovenských súťaží v školskom roku 2003/2004 (v č. 2) ; Prílohy sú zviazané v materskom dokumente  
952 |0 0  |1 0  |4 0  |7 0  |8 0  |a SNK  |b SNK  |d 2008-02-19  |i snk2008/4386  |l 0  |o snkČSB 5614/1/2000 D1  |p 17A0574252  |r 2026-02-21 20:39:03  |t č. 0  |w 2026-02-21  |y PREZ 
952 |0 0  |1 0  |4 0  |7 0  |8 0  |a SNK  |b SNK  |d 2008-02-19  |i snk2008/4387  |l 0  |o snkČSB 5614/1/2000  |p 17A0574251  |r 2026-02-21 20:39:03  |t č. 0  |w 2026-02-21  |y PREZ 
952 |0 0  |1 0  |4 0  |7 0  |8 0  |a SNK  |b SNK  |d 2008-02-19  |i snk2008/4388  |l 0  |o snkČSB 5614/2/2001  |p 17A0574253  |r 2026-02-21 20:39:03  |t č. 1-4  |w 2026-02-21  |y PREZ 
952 |0 0  |1 0  |4 0  |7 0  |8 0  |a SNK  |b SNK  |d 2008-02-19  |i snk2008/4389  |l 0  |o snkČSB 5614/2/2001 D1  |p 17A0574254  |r 2026-02-21 20:39:04  |t č. 1-4  |w 2026-02-21  |y PREZ 
952 |0 0  |1 0  |4 0  |7 0  |8 0  |a SNK  |b SNK  |d 2008-02-19  |i snk2008/4390  |l 0  |o snkČSB 5614/3/2002  |p 17A0574255  |r 2026-02-21 20:39:05  |t č. 1-4 + 1 príl.  |w 2026-02-21  |y PREZ  |z Prílohy: Galéria ocenených účastníkov festivalov, prehliadok a súťaží konaných v 1. polroku 2002 (v č. 2-3) 
952 |0 0  |1 0  |4 0  |7 0  |8 0  |a SNK  |b SNK  |d 2008-02-19  |i snk2008/4391  |l 0  |o snkČSB 5614/3/2002 D1  |p 17A0574256  |r 2026-02-21 20:39:05  |t č. 1-4 + 1 príl.  |w 2026-02-21  |y PREZ  |z Prílohy: Galéria ocenených účastníkov festivalov, prehliadok a súťaží konaných v 1. polroku 2002 (v č. 2-3) - príloha je zviazaná s materským dokumentom 
952 |0 0  |1 0  |4 0  |7 0  |8 0  |a SNK  |b SNK  |d 2008-02-19  |i snk2008/4392  |l 0  |o snkČSB 5614/4/2003  |p 17A0574257  |r 2026-02-21 20:39:05  |t č. 1-4 + 2 príl.  |w 2026-02-21  |y PREZ  |z Prílohy: Galéria ocenených účastníkov okresných, krajských a celoslovenských súťaží v školskom roku 2002/2003(v č. 2) ; Mimoriadna príloha: Galantský hlásnik 
952 |0 0  |1 0  |4 0  |7 0  |8 0  |a SNK  |b SNK  |d 2008-02-19  |i snk2008/4393  |l 0  |o snkČSB 5614/4/2003 D1  |p 17A0574258  |r 2026-02-21 20:39:05  |t č. 1-4 + 2 príl.  |w 2026-02-21  |y PREZ  |z Prílohy: Galéria ocenených účastníkov okresných, krajských a celoslovenských súťaží v školskom roku 2002/2003 (v č. 2) ; Mimoriadna príloha: Galantský hlásnik (v č. 3) ; Prílohy sú zviazané s materským dokumentom 
952 |0 0  |1 0  |4 0  |7 0  |8 0  |a SNK  |b SNK  |d 2008-02-19  |i snk2008/4394  |l 0  |o snkČSB 5614/5/2004  |p 17A0574259  |r 2026-02-21 20:39:05  |t č. 1-4 + 2 príl.  |w 2026-02-21  |y PREZ  |z Prílohy: Zoznam výtvarných prác postupujúcich z okresného do celoslovenského kola (v č. 1) ; Galéria ocenených účastníkov okresných, krajských a celoslovenských súťaží v školskom roku 2003/2004 (v č. 2) 
952 |0 0  |1 0  |4 0  |7 0  |8 0  |a SNK  |b SNK  |d 2019-11-06  |i snk2019/28454  |l 0  |o snkČSB 5614/6/2005  |p 17A1370937  |r 2026-02-21 22:07:52  |t č. 1-4 + 1 príl.  |w 2026-02-21  |y PREZ  |z Prílohy: Galéria ocenených účastníkov okresných, krajských a celoslovenských súťaží v školskom roku 2004/2005 (v č. 2)  
952 |0 0  |1 0  |4 0  |7 0  |8 0  |a SNK  |b SNK  |d 2019-11-06  |i snk2019/28458  |l 0  |o snkČSB 5614/7/2006  |p 17A1370938  |r 2026-02-21 22:07:52  |t č. 1-4 + 2 príl.  |w 2026-02-21  |y PREZ  |z Prílohy: Galéria ocenených účastníkov okresných, krajských, celoslovenských a medzinárodných súťaží v školskom roku 2005/2006 (v č. 2) ; Mlyny a mlynské remeslo témou celoslovenského odborného seminára s medzinárodnou účasťou (v č. 4) 
952 |0 0  |1 0  |4 0  |7 0  |8 0  |a SNK  |b SNK  |d 2019-11-06  |i snk2019/28463  |l 0  |o snkČSB 5614/8/2007  |p 17A1370939  |r 2026-02-21 22:07:52  |t č. 1-4 + 2 príl.  |w 2026-02-21  |y PREZ  |z Prílohy: Galéria ocenených účastníkov okresných, krajských, celoslovenských a medzinárodných súťaží v školskom roku 2006/2007 (v č. 2) ; Infoobzor (v č. 4) 
952 |0 0  |1 0  |4 0  |7 0  |8 0  |a SNK  |b SNK  |d 2019-11-06  |i snk2019/28464  |l 0  |o snkČSB 5614/9/2008  |p 17A1370940  |r 2026-02-21 22:07:52  |t č. 1-4  |w 2026-02-21  |y PREZ 
952 |0 0  |1 0  |4 0  |7 0  |8 0  |a SNK  |b SNK  |d 2019-11-06  |i snk2019/28469  |l 0  |o snkČSB 5614/10/2009  |p 17A1370941  |r 2026-02-21 22:07:52  |t č. 1-4 + 2 príl.  |w 2026-02-21  |y PREZ  |z Prílohy: Infoobzor (v č. 1,3)  
952 |0 0  |1 0  |4 0  |7 0  |8 0  |a SNK  |b SNK  |d 2019-11-06  |i snk2019/28470  |l 0  |o snkČSB 5614/11/2010  |p 17A1370942  |r 2026-02-21 22:07:52  |t č. 1-4  |w 2026-02-21  |y PREZ 
952 |0 0  |1 0  |4 0  |7 0  |8 0  |a SNK  |b SNK  |d 2019-11-06  |i snk2019/28471  |l 0  |o snkČSB 5614/12/2011  |p 17A1370943  |r 2026-02-21 22:07:52  |t č. 1-4  |w 2026-02-21  |y PREZ 
952 |0 0  |1 0  |4 0  |7 0  |8 0  |a SNK  |b SNK  |d 2019-11-06  |i snk2019/28474  |l 0  |o snkČSB 5614/13/2012  |p 17A1370944  |r 2026-02-21 22:07:52  |t č. 1-4 + 1 príl.  |w 2026-02-21  |y PREZ  |z Prílohy: Infoobzor (v č. 1) 
952 |0 0  |1 0  |4 0  |7 0  |8 0  |a SNK  |b SNK  |d 2019-11-06  |i snk2019/28475  |l 0  |o snkČSB 5614/14/2013  |p 17A1370945  |r 2026-02-21 22:07:52  |t č. 1-4  |w 2026-02-21  |y PREZ 
952 |0 0  |1 0  |4 0  |7 0  |8 0  |a SNK  |b SNK  |d 2019-11-06  |i snk2019/28478  |l 0  |o snkČSB 5614/15/2014  |p 17A1370946  |r 2026-02-21 22:07:52  |t č. 1-4  |w 2026-02-21  |y PREZ 
952 |0 0  |1 0  |4 0  |7 0  |8 0  |a SNK  |b SNK  |d 2019-11-06  |i snk2019/28481  |l 0  |o snkČSB 5614/16/2015  |p 17A1370947  |r 2026-02-21 22:07:52  |t č. 1-4  |w 2026-02-21  |y PREZ 
952 |0 0  |1 0  |4 0  |7 0  |8 0  |a SNK  |b SNK  |d 2019-11-06  |i snk2019/28483  |l 0  |o snkČSB 5614/17/2016  |p 17A1370948  |r 2026-02-21 22:07:52  |t č. 1-4  |w 2026-02-21  |y PREZ 
952 |0 0  |1 0  |4 0  |7 0  |8 0  |a SNK  |b SNK  |d 2019-11-06  |i snk2019/28485  |l 0  |o snkČSB 5614/18/2017  |p 17A1370949  |r 2026-02-21 22:07:52  |t č. 1-4  |w 2026-02-21  |y PREZ 
952 |0 0  |1 0  |4 0  |7 0  |8 0  |a SNK  |b SNK  |d 2019-11-06  |i snk2019/28486  |l 0  |o snkČSB 5614/19/2018  |p 17A1370950  |r 2026-02-21 22:07:52  |t č. 1-4  |w 2026-02-21  |y PREZ